Fotogrametria : Praktikum /

Salvato in:
Dettagli Bibliografici
Autore principale: Gregor, Viktor, 1929- (Autore)
Natura: Libro
Lingua:slovacco
Pubblicazione: Bratislava : SVŠT v Bratislave, 1989
Tags: Aggiungi Tag
Nessun Tag, puoi essere il primo ad aggiungerne!!

MARC

LEADER 00000nam a22000003a 4500
001 stu28546
005 20150617225741.0
008 950306s1989----xo------------------slo-d
040 |a STU  |b slo 
041 0 |a slo 
044 |a xo 
080 |a () 
100 1 |a Gregor, Viktor,  |d 1929-  |4 aut  |X 1579  |7 A000001579 
245 1 |a Fotogrametria :  |b Praktikum /  |c [aut]Gregor,Viktor 
260 |a Bratislava :  |b SVŠT v Bratislave,  |c 1989 
300 |a 187 s 
996 |b 284V023360  |c V*38439/O-16111  |l VVT  |s A  |a 24  |w stu28546_0001 
996 |b 284V023359  |c V*38440/O-16111a  |l VVT  |s A  |a 24  |w stu28546_0002 
996 |b 284V002544  |c V*32194/S-90  |l VVS  |s A  |a 24  |w stu28546_0003